Psycholinguistic studies in language processing
Saved in:
| Other Authors: | , |
|---|---|
| Format: | Conference Paper Edited Volume |
| Language: | English German |
| Published: |
Berlin [u.a.]
de Gruyter
1983
|
| Series: | Research in text theory
7 |
| In: |
Research in text theory (7)
|
| Volumes / Articles: | Show Volumes / Articles. |
| Subjects: | |
| Online Access: | Inhaltsverzeichnis: https://digitale-objekte.hbz-nrw.de/storage/2008/10/14/file_146/2542770.pdf Inhaltsverzeichnis: http://scans.hebis.de/HEBCGI/show.pl?05818342_toc.pdf |
| Author Notes: | ed. by Gert Rickheit and Michael Bock |
MARC
| LEADER | 00000cam a2200000 c 4500 | ||
|---|---|---|---|
| 001 | 024299286 | ||
| 003 | DE-627 | ||
| 005 | 20260407120204.0 | ||
| 007 | tu | ||
| 008 | 840307s1983 gw ||||| 00| ||eng c | ||
| 010 | |a 83005214 | ||
| 015 | |a 83,N13,0325 |2 dnb | ||
| 015 | |a 83,A27,0723 |2 dnb | ||
| 016 | 7 | |a 830389652 |2 DE-101 | |
| 020 | |a 3110089947 |9 3-11-008994-7 | ||
| 035 | |a (DE-627)024299286 | ||
| 035 | |a (DE-603)081394799 | ||
| 035 | |a (DE-576)008870187 | ||
| 035 | |a (DE-599)GBV024299286 | ||
| 035 | |a (OCoLC)260134082 | ||
| 035 | |a (OCoLC)09394449 | ||
| 035 | |a (AT-OBV)AC00113010 | ||
| 035 | |a (DE-604)8001447459 | ||
| 040 | |a DE-627 |b ger |c DE-627 |e rakwb | ||
| 041 | |a eng |a ger | ||
| 044 | |c XA-DE |c XD-US | ||
| 050 | 0 | |a P37 | |
| 072 | 7 | |a LAN009000 |2 bisacsh | |
| 082 | 0 | |a 401/.09 |q LOC |2 19 | |
| 082 | 0 | |a 401.09 |q LoC |2 DDC19oclc | |
| 084 | |a 11 |2 sdnb | ||
| 084 | |a 11 |2 sdnb | ||
| 084 | |a 51 |2 sdnb | ||
| 084 | |a 51 |2 sdnb | ||
| 084 | |a 51 |a 11 |2 sdnb | ||
| 084 | |a ER 300 |2 rvk |0 (DE-625)rvk/27716: | ||
| 084 | |a CP 6500 |2 rvk |0 (DE-625)rvk/18996: | ||
| 084 | |a ER 940 |2 rvk |0 (DE-625)rvk/27778: | ||
| 084 | |a 17.30 |2 bkl | ||
| 084 | |a 18.00 |2 bkl | ||
| 245 | 0 | 0 | |a Psycholinguistic studies in language processing |c ed. by Gert Rickheit and Michael Bock |
| 264 | 1 | |a Berlin [u.a.] |b de Gruyter |c 1983 | |
| 300 | |a VIII, 305 S |b graph. Darst | ||
| 336 | |a Text |b txt |2 rdacontent | ||
| 337 | |a ohne Hilfsmittel zu benutzen |b n |2 rdamedia | ||
| 338 | |a Band |b nc |2 rdacarrier | ||
| 490 | 1 | |a Research in text theory |v 7 | |
| 500 | |a Literaturangaben | ||
| 505 | 8 | |a Literaturangaben | |
| 650 | 0 | |a Psycholinguistics | |
| 650 | 0 | |a Semantics | |
| 650 | 0 | |a Discourse analysis | |
| 650 | 0 | 7 | |0 (DE-588)4300621-8 |0 (DE-627)104098686 |0 (DE-576)21103116X |a Sprachverarbeitung |g Psycholinguistik |2 gnd |
| 650 | 0 | 7 | |0 (DE-588)4077744-3 |0 (DE-627)104106468 |0 (DE-576)209206128 |a Sprachverstehen |2 gnd |
| 650 | 0 | 7 | |0 (DE-588)4259878-3 |0 (DE-627)104644540 |0 (DE-576)210584653 |a Textverarbeitung |g Linguistik |2 gnd |
| 650 | 0 | 7 | |0 (DE-588)4054490-4 |0 (DE-627)104649615 |0 (DE-576)209109033 |a Semantik |2 gnd |
| 650 | 0 | 7 | |0 (DE-588)4127537-8 |0 (DE-627)10572405X |0 (DE-576)20959442X |a Psycholinguistik |2 gnd |
| 650 | 4 | |a Linguistik | |
| 650 | 4 | |a Grammatik | |
| 650 | 4 | |a Kommunikation | |
| 650 | 4 | |a Empirische Forschung | |
| 650 | 4 | |a Semantik | |
| 650 | 4 | |a Text | |
| 650 | 4 | |a Sprachpsychologie | |
| 655 | 7 | |a Konferenzschrift |0 (DE-588)1071861417 |0 (DE-627)826484824 |0 (DE-576)433375485 |2 gnd-content | |
| 655 | 7 | |a Aufsatzsammlung |0 (DE-588)4143413-4 |0 (DE-627)105605727 |0 (DE-576)209726091 |2 gnd-content | |
| 655 | 7 | |a Konferenzschrift |y 1981 |z Bielefeld |0 (DE-588)1071861417 |0 (DE-627)826484824 |0 (DE-576)433375485 |2 gnd-content | |
| 689 | 0 | 0 | |d s |0 (DE-588)4300621-8 |0 (DE-627)104098686 |0 (DE-576)21103116X |a Sprachverarbeitung |g Psycholinguistik |2 gnd |
| 689 | 0 | |5 (DE-627) | |
| 700 | 1 | |a Rickheit, Gert |d 1941-2011 |e Hrsg. |0 (DE-588)123661617 |0 (DE-627)082691916 |0 (DE-576)162723016 |4 edt | |
| 700 | 1 | |a Bock, Michael |e Hrsg. |4 edt | |
| 776 | 0 | 8 | |i Erscheint auch als |n Online-Ausgabe |t Psycholinguistic Studies in Language Processing |d Berlin : De Gruyter, 2011 |h Online-Ressource (305 p) |w (DE-627)165584699X |w (DE-576)405061560 |z 9783110850666 |z 3110089947 |z 9783110089943 |
| 830 | 0 | |a Research in text theory |v 7 |9 700 |w (DE-627)13024323X |w (DE-576)015801152 |w (DE-600)547378-0 |x 0179-4167 |7 am | |
| 856 | 4 | 2 | |u https://digitale-objekte.hbz-nrw.de/storage/2008/10/14/file_146/2542770.pdf |m V:DE-605 |m X:migimw |q application/pdf |v 2025-07-00 |3 Inhaltsverzeichnis |7 1 |
| 856 | 4 | 2 | |u http://scans.hebis.de/HEBCGI/show.pl?05818342_toc.pdf |m V:DE-605 |q application/pdf |3 Inhaltsverzeichnis |7 1 |
| 889 | |w (DE-627)1958134848 | ||
| 935 | |i Blocktest | ||
| 935 | |h HEB |i 0501 | ||
| 935 | |h HEB |i 0503 | ||
| 936 | r | v | |a ER 300 |b Kongressberichte, Sammelwerke (verschiedener Autoren) |k Allgemeine und vergleichende Sprach- und Literaturwissenschaft. Indogermanistik. Außereuropäische Sprachen und Literaturen |k Allgemeine Sprachwissenschaft |k Allgemeines |k Kongressberichte, Sammelwerke (verschiedener Autoren) |0 (DE-627)1270707507 |0 (DE-625)rvk/27716: |0 (DE-576)200707507 |
| 936 | r | v | |a CP 6500 |b Psycholinguistik |k Psychologie |k Allgemeine Psychologie |k Psycholinguistik |0 (DE-627)1271003082 |0 (DE-625)rvk/18996: |0 (DE-576)201003082 |
| 936 | r | v | |a ER 940 |b Sprechen und Denken, Kompetenz und Performanz, Pragmatik |k Allgemeine und vergleichende Sprach- und Literaturwissenschaft. Indogermanistik. Außereuropäische Sprachen und Literaturen |k Allgemeine Sprachwissenschaft |k Sprachpsychologie. Psycholinguistik |k Sprechen und Denken, Kompetenz und Performanz, Pragmatik |0 (DE-627)1271406225 |0 (DE-625)rvk/27778: |0 (DE-576)201406225 |
| 936 | b | k | |a 17.30 |j Psycholinguistik: Allgemeines |0 (DE-627)106404806 |
| 936 | b | k | |a 18.00 |j Einzelne Sprachen und Literaturen allgemein |0 (DE-627)106405403 |
| 936 | s | n | |a c200 |2 mzub |
| 936 | s | n | |a e200 |2 mzub |
| 951 | |a BO | ||
| 990 | |a Sprachverarbeitung | ||
| 992 | |a 20130610 | ||
| 999 | |a KXP-PPN024299286 |e 3178485198 | ||
| BIB | |a Y | ||
| SPR | |a Y | ||
| JSO | |a {"note":["Literaturangaben"],"title":[{"title_sort":"Psycholinguistic studies in language processing","title":"Psycholinguistic studies in language processing"}],"origin":[{"dateIssuedKey":"1983","publisherPlace":"Berlin [u.a.]","dateIssuedDisp":"1983","publisher":"de Gruyter"}],"type":{"bibl":"edited-book"},"name":{"displayForm":["ed. by Gert Rickheit and Michael Bock"]},"physDesc":[{"noteIll":"graph. Darst","extent":"VIII, 305 S"}],"id":{"eki":["024299286"],"isbn":["3110089947"]},"person":[{"family":"Rickheit","role":"edt","display":"Rickheit, Gert","given":"Gert"},{"display":"Bock, Michael","given":"Michael","role":"edt","family":"Bock"}],"recId":"024299286","language":["eng","ger"],"relMultPart":[{"part":{"number_sort":["700"],"number":["7"]},"titleTranslated":[{"translated":"Untersuchungen zur Texttheorie"}],"pubHistory":["1.1977 -"],"language":["ger"],"disp":"Research in text theory","title":[{"title":"Research in text theory","title_sort":"Research in text theory","subtitle":" = Untersuchungen zur Texttheorie"}],"origin":[{"dateIssuedKey":"1977","publisher":"de Gruyter","dateIssuedDisp":"1977-","publisherPlace":"Berlin [u.a.]"}],"dispAlt":"Research in text theory","type":{"bibl":"serial"},"id":{"eki":["13024323X"],"issn":["0179-4167"],"zdb":["547378-0"]},"recId":"13024323X"}]} | ||
| SRT | |a PSYCHOLING1983 | ||